| 000 | 01157cam a22003737i 4500 | ||
|---|---|---|---|
| 999 |
_c3926 _d3926 |
||
| 001 | 17762563 | ||
| 003 | Nust | ||
| 005 | 20170731125119.0 | ||
| 008 | 130604s2013 pk 000 1 urd | ||
| 010 | _a 2013344677 | ||
| 020 | _a978-9687852508 | ||
| 020 | _a968785250X | ||
| 040 |
_aDLC _beng _erda _cDLC |
||
| 042 | _alcode | ||
| 050 | 0 | 0 | _aMLCSA 2012/00762 (P) |
| 066 |
_c(4 _c(3 |
||
| 082 |
_a891.4391 _bBUT |
||
| 100 | 0 |
_6880-01 _aRaz̤iyah Baṭ. _9756 |
|
| 245 | 1 | 0 |
_6880-02 _aMain̲ kaun hūn̲ / _cRaz̤iyah Baṭ. |
| 260 |
_aLāhore : _bSang-i Mīl Pablīkeshanz, _c2013. |
||
| 264 | 1 |
_6880-03 _aLāhaur : _bSang-i Mīl Pablīkeshanz, _c2013. |
|
| 300 |
_a528 pages ; _c22 cm |
||
| 336 |
_atext _2rdacontent |
||
| 337 |
_aunmediated _2rdamedia |
||
| 338 |
_avolume _2rdacarrier |
||
| 500 | _aNovel. | ||
| 546 | _aIn Urdu. | ||
| 650 |
_aUrdu Literature-Novel _91164 |
||
| 880 | 1 | 0 |
_aميں کون هوں / _cرضيه بٹ. _6245-02\(3\r |
| 880 | 1 | 0 |
_aرضیہ بٹ _6100-01\(3\r |
| 880 | 1 |
_6264-03/(3/r _aلاهور : _bسنگ ميل پبليکيشنز، _c2013. |
|
| 906 |
_a7 _bcbc _corigode _d4 _encip _f20 _gy-nonroman |
||
| 942 |
_2ddc _cBK |
||